[Event "Gorodets Small Kitezh op"]
[Site "Gorodets"]
[Date "2015.07.30"]
[Round "3"]
[White "Leukhin, Mikhail"]
[Black "Mordovchenkov, Nikolay"]
[Result "0-1"]
[WhiteElo "1924"]
[BlackElo "1802"]
[PlyCount "126"]
[EventDate "2015.07.29"]
[EventType "swiss"]
[EventRounds "9"]
[EventCountry "RUS"]
[SourceTitle "CBM 167 Extra"]
[Source "ChessBase"]
[SourceDate "2015.09.14"]
[SourceVersion "1"]
[SourceVersionDate "2015.09.14"]
[SourceQuality "1"]

1. e4 d6 2. Nf3 c5 3. Bc4 e6 4. Nc3 a6 5. d3 b5 6. Bb3 Nc6 7. a4 b4 8. Ne2 Be7 9. c3 Nf6 10. h3 Bd7 11. Bd2 Qb6 12. Bc2 0-0 13. g4 Ne5 14. Ng3 Bc6 15. Nxe5 dxe5 16. 0-0 Rad8 17. g5 Ne8 18. Qg4 b3 19. Bb1 c4 20. Be3 Bc5 21. a5 Qa7 22. Bxc5 Qxc5 23. dxc4 Rd2 24. h4 Qxc4 25. Rd1 f5 26. Qf3 fxe4 27. Qxf8+ Kxf8 28. Rxd2 e3 29. fxe3 Qxh4 30. Nf1 Qxg5+ 31. Kf2 Nf6 32. Bd3 Ne4+ 33. Bxe4 Bxe4 34. Rad1 Qh4+ 35. Ke2 Bd5 36. Rc1 Bc4+ 37. Kf3 Qh3+ 38. Kf2 Qh4+ 39. Kf3 Ke7 40. Ng3 g6 41. Rcd1 Bd5+ 42. e4 Qf4+ 43. Kg2 Bxe4+ 44. Nxe4 Qxe4+ 45. Kf2 Qa4 46. Rd8 h5 47. Rb8 Qxa5 48. Rb7+ Kf6 49. Rxb3 Qc5+ 50. Ke1 Qe3+ 51. Kf1 h4 52. Ra3 h3 53. c4 Qf4+ 54. Ke1 Qe4+ 55. Kd2 Qg2+ 56. Kc3 h2 57. Raa1 g5 58. b4 g4 59. b5 axb5 60. cxb5 Qf3+ 61. Kb4 Qe4+ 62. Kc5 g3 63. b6 g2 0-1

[Event "Gorodets-ch"]
[Site "Gorodets"]
[Date "2014.12.21"]
[Round "9"]
[White "Leukhin, Mikhail"]
[Black "Leukhin, Pavel"]
[Result "1/2-1/2"]
[WhiteElo "1945"]
[BlackElo "1897"]
[PlyCount "44"]
[EventDate "2014.12.13"]
[EventType "swiss"]
[EventRounds "9"]
[EventCountry "RUS"]
[SourceTitle "CBM 164 Extra"]
[Source "ChessBase"]
[SourceDate "2015.03.02"]
[SourceVersion "1"]
[SourceVersionDate "2015.03.02"]
[SourceQuality "1"]

1. c4 e5 2. Nc3 Bb4 3. e3 Nf6 4. d4 exd4 5. exd4 0-0 6. Nf3 Re8+ 7. Be2 d6 8. 0-0 Nc6 9. d5 Ne5 10. Nxe5 Rxe5 11. f4 Re8 12. h3 h6 13. a3 Bxc3 14. bxc3 Ne4 15. Qd3 Bf5 16. Qf3 c6 17. Bd3 cxd5 18. cxd5 Qb6+ 19. Be3 Nd2 20. Bxb6 Nxf3+ 21. Rxf3 Bxd3 22. Rxd3 axb6 1/2-1/2

[Event "Gorodets-ch"]
[Site "Gorodets"]
[Date "2014.12.13"]
[Round "1"]
[White "Leukhin, Mikhail"]
[Black "Pokrovsky, Mikhail"]
[Result "1/2-1/2"]
[WhiteElo "1945"]
[BlackElo "1764"]
[PlyCount "100"]
[EventDate "2014.12.13"]
[EventType "swiss"]
[EventRounds "9"]
[EventCountry "RUS"]
[SourceTitle "CBM 164 Extra"]
[Source "ChessBase"]
[SourceDate "2015.03.02"]
[SourceVersion "1"]
[SourceVersionDate "2015.03.02"]
[SourceQuality "1"]

1. e4 e6 2. f4 c5 3. e5 d5 4. Nf3 Nc6 5. Bb5 Qb6 6. c4 a6 7. Qa4 Bd7 8. cxd5 Qxb5 9. Qxb5 axb5 10. dxc6 Bxc6 11. Nc3 Be7 12. d3 0-0-0 13. Ke2 Nh6 14. Ne4 Nf5 15. Be3 Nxe3 16. Kxe3 Rd7 17. Rac1 Bxe4 18. Kxe4 b6 19. b4 Kb7 20. bxc5 bxc5 21. d4 Rc8 22. Rb1 Ka6 23. Rhc1 Rdc7 24. a4 b4 25. dxc5 Bxc5 26. Ng5 Bf8 27. Rxc7 Rxc7 28. Nxh7 Be7 29. Ng5 Bxg5 30. fxg5 Ka5 31. h4 Rc4+ 32. Ke3 Rxh4 33. Rf1 Kxa4 34. Rxf7 b3 35. Ra7+ Kb4 36. Rxg7 Kc3 37. Rc7+ Kb2 38. Kf3 Ka3 39. g6 b2 40. g7 b1Q 41. Ra7+ Ra4 42. Rxa4+ Kxa4 43. g8Q Qf5+ 44. Kg3 Qxe5+ 45. Kf2 Qf5+ 46. Kg1 e5 47. Qa8+ Kb4 48. Qc6 e4 49. Qb6+ Kc4 50. Qe3 Kd5 1/2-1/2

[Event "Gorodets op"]
[Site "Gorodets"]
[Date "2014.08.10"]
[Round "8"]
[White "Sarycheva, Anastasia"]
[Black "Leukhin, Mikhail"]
[Result "1/2-1/2"]
[WhiteElo "1903"]
[BlackElo "1937"]
[PlyCount "28"]
[EventDate "2014.08.06"]
[EventType "swiss"]
[EventRounds "9"]
[EventCountry "RUS"]
[SourceTitle "EXT 2016"]
[Source "ChessBase"]
[SourceDate "2015.10.08"]
[SourceVersion "1"]
[SourceVersionDate "2015.10.08"]
[SourceQuality "1"]

1. e4 c6 2. d4 d5 3. Nc3 dxe4 4. Nxe4 Nd7 5. Nf3 Ngf6 6. Nxf6+ Nxf6 7. h3 Bf5 8. Bd3 Bxd3 9. Qxd3 g6 10. Qb3 Qc7 11. Ne5 e6 12. Bf4 Qa5+ 13. c3 Qb5 14. Qxb5 cxb5 1/2-1/2

[Event "Gorodets op"]
[Site "Gorodets"]
[Date "2014.08.09"]
[Round "6"]
[White "Krylov, Dmitry V"]
[Black "Leukhin, Mikhail"]
[Result "0-1"]
[WhiteElo "1740"]
[BlackElo "1937"]
[PlyCount "46"]
[EventDate "2014.08.06"]
[EventType "swiss"]
[EventRounds "9"]
[EventCountry "RUS"]
[SourceTitle "EXT 2016"]
[Source "ChessBase"]
[SourceDate "2015.10.08"]
[SourceVersion "1"]
[SourceVersionDate "2015.10.08"]
[SourceQuality "1"]

1. e4 c6 2. Nf3 d5 3. Nc3 d4 4. Ne2 c5 5. c3 dxc3 6. Nxc3 Nc6 7. Bb5 Bd7 8. 0-0 e6 9. d4 cxd4 10. Nxd4 Bb4 11. Be3 Nge7 12. Qa4 Bxc3 13. bxc3 a6 14. Be2 0-0 15. Qb3 b5 16. Rfd1 Qc7 17. a4 Na5 18. Qa3 Nec6 19. axb5 Nxd4 20. Rxd4 axb5 21. Qe7 Nc6 22. Qxf8+ Rxf8 23. Rdd1 Rb8 0-1

[Event "Gorodets op"]
[Site "Gorodets"]
[Date "2014.08.09"]
[Round "7"]
[White "Leukhin, Mikhail"]
[Black "Leukhin, Pavel"]
[Result "1-0"]
[WhiteElo "1937"]
[BlackElo "1936"]
[PlyCount "45"]
[EventDate "2014.08.06"]
[EventType "swiss"]
[EventRounds "9"]
[EventCountry "RUS"]
[SourceTitle "EXT 2016"]
[Source "ChessBase"]
[SourceDate "2015.10.08"]
[SourceVersion "1"]
[SourceVersionDate "2015.10.08"]
[SourceQuality "1"]

1. e4 e5 2. Nf3 Nc6 3. Bc4 Bc5 4. d3 h6 5. Be3 Bxe3 6. fxe3 Nf6 7. Nc3 d6 8. Qd2 Bg4 9. 0-0-0 a6 10. h3 Bxf3 11. gxf3 b5 12. Bb3 Na5 13. Rdg1 Nxb3+ 14. axb3 g6 15. f4 exf4 16. exf4 c5 17. Qg2 b4 18. Na4 0-0 19. h4 d5 20. e5 Nh5 21. f5 Nf4 22. Qf3 g5 23. Qxf4 1-0

[Event "Nizhnij Novgorod Region-ch"]
[Site "Nizhnij Novgorod"]
[Date "2012.10.14"]
[Round "?"]
[White "Yezerskaja, Anastasija"]
[Black "Leukhin, Mikhail"]
[Result "1-0"]
[WhiteElo "1609"]
[BlackElo "1987"]
[PlyCount "37"]
[EventDate "2012.10.06"]
[EventType "swiss"]
[EventRounds "9"]
[EventCountry "RUS"]
[SourceTitle "EXT 2022"]
[Source "ChessBase"]
[SourceDate "2021.10.06"]
[SourceVersion "1"]
[SourceVersionDate "2021.10.06"]
[SourceQuality "1"]

1. e4 c6 2. d4 d5 3. e5 Bf5 4. Nf3 e6 5. Be2 Nd7 6. 0-0 h6 7. Be3 g5 8. c4 dxc4 9. Bxc4 Nb6 10. Bd3 Ne7 11. Nc3 Bg7 12. Ne4 Bxe4 13. Bxe4 Nbd5 14. Nd2 b5 15. a4 a6 16. axb5 cxb5 17. Bd3 Qb6 18. Qf3 Nb4 19. Qxa8+ 1-0

[Event "Gorodets op"]
[Site "Gorodets"]
[Date "2012.05.04"]
[Round "6"]
[White "Leukhin, Mikhail"]
[Black "Ryabov, Alexander"]
[Result "1-0"]
[WhiteElo "1951"]
[BlackElo "2026"]
[PlyCount "81"]
[EventDate "2012.04.29"]
[EventType "swiss"]
[EventRounds "9"]
[EventCountry "RUS"]
[SourceTitle "CBM 148 Extra"]
[Source "ChessBase"]
[SourceDate "2012.06.22"]
[SourceVersion "1"]
[SourceVersionDate "2012.06.22"]
[SourceQuality "1"]

1. d4 Nf6 2. c4 g6 3. Nc3 d6 4. Nf3 Bg7 5. Bf4 0-0 6. e3 h6 7. Be2 Nh5 8. Bg3 c5 9. Qd2 Nc6 10. a3 cxd4 11. Nxd4 Nxg3 12. hxg3 Nxd4 13. exd4 f5 14. 0-0-0 e6 15. g4 f4 16. Qc2 g5 17. Qe4 d5 18. cxd5 exd5 19. Qxd5+ Qxd5 20. Nxd5 Rd8 21. Nc3 Be6 22. Bf3 Rxd4 23. Rxd4 Bxd4 24. Rxh6 Re8 25. Rxe6 Rxe6 26. Bd5 Kf7 27. Ne4 Ke7 28. Bxe6 Kxe6 29. Nxg5+ Kd5 30. f3 Bf6 31. Ne4 Bg7 32. b3 Kd4 33. Kd2 Bf8 34. a4 b6 35. g3 fxg3 36. Nxg3 a6 37. Ne2+ Ke5 38. Kd3 Kd5 39. f4 Bh6 40. g5 Bf8 41. Nc3+ 1-0

[Event "Gorodets op"]
[Site "Gorodets"]
[Date "2012.05.02"]
[Round "4"]
[White "Morozova, Mariya"]
[Black "Leukhin, Mikhail"]
[Result "1/2-1/2"]
[WhiteElo "1764"]
[BlackElo "1951"]
[PlyCount "56"]
[EventDate "2012.04.29"]
[EventType "swiss"]
[EventRounds "9"]
[EventCountry "RUS"]
[SourceTitle "CBM 148 Extra"]
[Source "ChessBase"]
[SourceDate "2012.06.22"]
[SourceVersion "1"]
[SourceVersionDate "2012.06.22"]
[SourceQuality "1"]

1. c4 c5 2. Nf3 Nc6 3. e3 e6 4. d4 cxd4 5. exd4 d5 6. cxd5 Qxd5 7. Nc3 Bb4 8. Bd2 Bxc3 9. Bxc3 Nf6 10. b3 Ne4 11. Bb2 Qa5+ 12. Nd2 Nxd2 13. Qxd2 Qxd2+ 14. Kxd2 0-0 15. Rd1 b6 16. f3 Bb7 17. Ke1 Rfd8 18. Bc4 Ne7 19. Kf2 Rac8 20. Rd2 Bd5 21. Rc1 a6 22. Rdc2 Bxc4 23. bxc4 Rc6 24. Ba3 Nf5 25. d5 exd5 26. cxd5 Rxc2+ 27. Rxc2 h5 28. Rd2 Nd6 1/2-1/2

[Event "Gorodets op"]
[Site "Gorodets"]
[Date "2012.04.30"]
[Round "2"]
[White "Kochnev, Victor"]
[Black "Leukhin, Mikhail"]
[Result "1/2-1/2"]
[WhiteElo "2098"]
[BlackElo "1951"]
[PlyCount "86"]
[EventDate "2012.04.29"]
[EventType "swiss"]
[EventRounds "9"]
[EventCountry "RUS"]
[SourceTitle "CBM 148 Extra"]
[Source "ChessBase"]
[SourceDate "2012.06.22"]
[SourceVersion "1"]
[SourceVersionDate "2012.06.22"]
[SourceQuality "1"]

1. e4 c6 2. c4 e5 3. Nf3 d6 4. Nc3 Bg4 5. Be2 Nf6 6. 0-0 Be7 7. d4 exd4 8. Qxd4 Qb6 9. Be3 Nbd7 10. Qd2 Qa5 11. Nd4 Bxe2 12. Qxe2 g6 13. a3 0-0 14. b4 Qc7 15. h3 Rfe8 16. f4 a5 17. Nb3 axb4 18. axb4 Rxa1 19. Rxa1 Bf8 20. Qd3 b6 21. Ra2 h5 22. g3 Qb7 23. Nd2 d5 24. Rb2 Qa6 25. e5 Qa3 26. Rb3 dxc4 27. Qxc4 Qa1+ 28. Rb1 Qa8 29. Bf2 Nh7 30. Nce4 c5 31. bxc5 Nxc5 32. Rxb6 Ne6 33. Qc6 Qxc6 34. Rxc6 h4 35. Kg2 hxg3 36. Kxg3 Rd8 37. Nd6 Bxd6 38. Rxd6 Ra8 39. Rd3 Ng7 40. Bb6 Nf5+ 41. Kf2 Kg7 42. Bd8 Ra4 43. Kf3 Nd4+ 1/2-1/2

[Event "Gorodets-ch"]
[Site "Gorodets"]
[Date "2011.12.07"]
[Round "2"]
[White "Konyaev, Anatoly"]
[Black "Leukhin, Mikhail"]
[Result "1/2-1/2"]
[WhiteElo "2021"]
[BlackElo "1973"]
[PlyCount "71"]
[EventDate "2011.12.06"]
[EventType "tourn"]
[EventRounds "13"]
[EventCountry "RUS"]
[SourceTitle "EXT 2023"]
[Source "ChessBase"]
[SourceDate "2022.10.05"]
[SourceVersion "1"]
[SourceVersionDate "2022.10.05"]
[SourceQuality "1"]

1. d4 d5 2. Nf3 Nf6 3. c4 c6 4. Nc3 g6 5. h3 Bg7 6. Bf4 0-0 7. e3 b6 8. cxd5 Nxd5 9. Bh2 Bb7 10. Be2 c5 11. 0-0 cxd4 12. Nxd4 Nxc3 13. bxc3 Qc8 14. Rc1 Na6 15. Qb3 Nc5 16. Qa3 Be4 17. f3 Bd3 18. Rfe1 e5 19. Nb3 Bxe2 20. Rxe2 Nd3 21. Rcc2 Qc7 22. c4 Rac8 23. Nd4 Qc5 24. Qxd3 exd4 25. e4 Rfe8 26. f4 h5 27. g4 Rc6 28. Bg3 Rec8 29. e5 b5 30. Bf2 bxc4 31. Qxd4 Qxd4 32. Bxd4 hxg4 33. hxg4 a5 34. Bc3 a4 35. Kf2 Bf8 36. Red2 1/2-1/2

[Event "Gorodets-ch"]
[Site "Gorodets"]
[Date "2011.12.06"]
[Round "1"]
[White "Leukhin, Mikhail"]
[Black "Leukhin, Pavel"]
[Result "1/2-1/2"]
[WhiteElo "1973"]
[BlackElo "1905"]
[PlyCount "40"]
[EventDate "2011.12.06"]
[EventType "tourn"]
[EventRounds "13"]
[EventCountry "RUS"]
[SourceTitle "EXT 2023"]
[Source "ChessBase"]
[SourceDate "2022.10.05"]
[SourceVersion "1"]
[SourceVersionDate "2022.10.05"]
[SourceQuality "1"]

1. d4 Nf6 2. c4 e6 3. g3 Bb4+ 4. Bd2 Bxd2+ 5. Qxd2 0-0 6. Bg2 d5 7. Nf3 c6 8. 0-0 Nbd7 9. cxd5 exd5 10. Nc3 Re8 11. Qc2 Ne4 12. e3 f5 13. Nd2 Ndf6 14. f3 Nd6 15. Rfe1 Nd7 16. Kh1 b5 17. e4 fxe4 18. fxe4 b4 19. Na4 Nxe4 20. Nxe4 dxe4 1/2-1/2

[Event "Kineshma op"]
[Site "Kineshma"]
[Date "2011.08.06"]
[Round "8"]
[White "Golikov, Nikolay"]
[Black "Leukhin, Mikhail"]
[Result "0-1"]
[WhiteElo "1752"]
[BlackElo "2006"]
[PlyCount "118"]
[EventDate "2011.08.03"]
[EventType "swiss"]
[EventRounds "9"]
[EventCountry "RUS"]
[SourceTitle "CBM 144 Extra"]
[Source "ChessBase"]
[SourceDate "2011.10.28"]
[SourceVersion "1"]
[SourceVersionDate "2011.10.28"]
[SourceQuality "1"]

1. d4 g6 2. Nf3 Bg7 3. b3 d5 4. Bb2 c5 5. e3 Nc6 6. Be2 cxd4 7. exd4 Nf6 8. 0-0 0-0 9. c4 Bg4 10. h3 Bxf3 11. Bxf3 e6 12. Nc3 Qa5 13. a3 dxc4 14. Bxc6 bxc6 15. bxc4 Rab8 16. Rb1 Rxb2 17. Rxb2 Qxc3 18. Qb3 Qxd4 19. Rd1 Qc5 20. Qb4 Ne4 21. Qxc5 Nxc5 22. Rbd2 Bf6 23. Rd6 Rc8 24. f3 Be7 25. R6d2 Rb8 26. Kf2 Rb3 27. a4 Nxa4 28. Rd7 Bc5+ 29. Kf1 Rb2 30. R7d2 Rxd2 31. Rxd2 Nb6 32. Rc2 a5 33. Ke2 a4 34. Kd3 a3 35. Kc3 h5 36. Kb3 h4 37. Re2 Kg7 38. Re4 Be7 39. Rd4 e5 40. Re4 Kf6 41. Rxh4 Ke6 42. Rh8 e4 43. fxe4 Bf6 44. Re8+ Kd7 45. Rf8 Ke7 46. Rb8 Nxc4 47. Ra8 Ne3 48. Rxa3 Nxg2 49. Kc4 Kd6 50. Rg3 Nh4 51. Rg4 Nf3 52. Rf4 Ne5+ 53. Kb3 Ke6 54. Rf1 Be7 55. Kc3 c5 56. Ra1 Nf3 57. Ra6+ Bd6 58. Ra8 Ng5 59. Re8+ Be7 0-1

[Event "Kineshma op"]
[Site "Kineshma"]
[Date "2011.08.04"]
[Round "4"]
[White "Kapustin, Yriy"]
[Black "Leukhin, Mikhail"]
[Result "1-0"]
[WhiteElo "2160"]
[BlackElo "2006"]
[PlyCount "115"]
[EventDate "2011.08.03"]
[EventType "swiss"]
[EventRounds "9"]
[EventCountry "RUS"]
[SourceTitle "CBM 144 Extra"]
[Source "ChessBase"]
[SourceDate "2011.10.28"]
[SourceVersion "1"]
[SourceVersionDate "2011.10.28"]
[SourceQuality "1"]

1. e4 c6 2. d4 d5 3. e5 Bf5 4. Nf3 e6 5. Be2 Nd7 6. Be3 Qb6 7. b3 c5 8. 0-0 Bg4 9. c4 dxc4 10. bxc4 Nh6 11. Nc3 cxd4 12. Bxd4 Qc6 13. h3 Bh5 14. Qd2 Bc5 15. Bxc5 Nxc5 16. Nd4 Ne4 17. Qe3 Nxc3 18. Qxc3 Qe4 19. Bxh5 Qxe5 20. Bf3 Rd8 21. Nb5 Qxc3 22. Nxc3 Rd3 23. Ne4 Ke7 24. Nc5 Rc3 25. Rfd1 Rc8 26. Nxb7 R8xc4 27. Na5 Ra4 28. Nc6+ Kf6 29. Nd4 Rca3 30. Rd2 a6 31. Bd1 Rc4 32. Bb3 Rc3 33. Rad1 g5 34. Rc2 Rxc2 35. Nxc2 Ra5 36. Nb4 Nf5 37. Bc2 Ne7 38. Rd6 Re5 39. Rxa6 Re1+ 40. Kh2 h5 41. Bb3 Kg7 42. Ra5 Kf6 43. Nd3 Re2 44. f4 g4 45. Rxh5 Re3 46. hxg4 Rxd3 47. g5+ Kg7 48. Rh7+ Kg8 49. Rh3 Rd2 50. Rc3 Nf5 51. g6 Nh4 52. gxf7+ Kxf7 53. Rc2 Rd4 54. Re2 Rxf4 55. g3 Nf3+ 56. Kg2 Nd4 57. Rxe6 Nxb3 58. gxf4 1-0

[Event "Kineshma op"]
[Site "Kineshma"]
[Date "2011.08.03"]
[Round "1"]
[White "Leukhin, Mikhail"]
[Black "Rygin, Ivan"]
[Result "1-0"]
[WhiteElo "2006"]
[BlackElo "1703"]
[PlyCount "97"]
[EventDate "2011.08.03"]
[EventType "swiss"]
[EventRounds "9"]
[EventCountry "RUS"]
[SourceTitle "CBM 144 Extra"]
[Source "ChessBase"]
[SourceDate "2011.10.28"]
[SourceVersion "1"]
[SourceVersionDate "2011.10.28"]
[SourceQuality "1"]

1. d4 e6 2. e4 c5 3. d5 Nf6 4. Nc3 d6 5. Bg5 Be7 6. Bb5+ Bd7 7. dxe6 fxe6 8. Qe2 a6 9. Bxd7+ Nbxd7 10. 0-0-0 b5 11. Nf3 b4 12. Na4 Qa5 13. b3 Rc8 14. e5 dxe5 15. Nxe5 c4 16. Bxf6 Nxf6 17. Nxc4 Qg5+ 18. Qe3 Nd5 19. Nd6+ Kd7 20. Nxc8 Qxe3+ 21. fxe3 Kxc8 22. Rxd5 exd5 23. Nb6+ Kb7 24. Nxd5 Bg5 25. Kb2 a5 26. h4 Bh6 27. Rf1 Re8 28. Rf3 Re5 29. Nf4 g5 30. hxg5 Rxg5 31. Kc1 Re5 32. Kd2 Bg5 33. Nd3 Re7 34. Nb2 h5 35. Nc4 Ka6 36. Rf5 Rg7 37. Rxa5+ Kb7 38. Rb5+ Kc7 39. Rxb4 Be7 40. Rb5 Rxg2+ 41. Kd3 h4 42. Rh5 Rh2 43. Rh7 Kd8 44. Ne5 Ke8 45. Rh8+ Bf8 46. Ng6 Kf7 47. Rxh4 Rg2 48. Nxf8 Kxf8 49. Rd4 1-0

[Event "Gorodets-ch"]
[Site "Gorodets"]
[Date "2011.04.16"]
[Round "8"]
[White "Leukhin, Mikhail"]
[Black "Ulankov, Andrey"]
[Result "0-1"]
[WhiteElo "2006"]
[BlackElo "2086"]
[PlyCount "132"]
[EventDate "2011.04.09"]
[EventType "swiss"]
[EventRounds "9"]
[EventCountry "RUS"]
[SourceTitle "CBM 142 Extra"]
[Source "ChessBase"]
[SourceDate "2011.06.27"]
[SourceVersion "1"]
[SourceVersionDate "2011.06.27"]
[SourceQuality "1"]

1. d4 Nf6 2. c4 c5 3. Nf3 cxd4 4. Nxd4 e5 5. Nb3 d5 6. e3 Be6 7. cxd5 Qxd5 8. Qxd5 Nxd5 9. Bb5+ Nd7 10. Bd2 Nb4 11. Na3 Nxa2 12. Bxd7+ Kxd7 13. Nc1 Nxc1 14. Rxc1 Rc8 15. Rd1 Bb3 16. Ra1 a6 17. 0-0 Bc5 18. Nb1 Ke6 19. Bc3 Rhd8 20. Nd2 Bd5 21. Rfe1 Ba7 22. h4 g6 23. Kh2 f6 24. f3 Kf7 25. Kg3 Be6 26. Nf1 Rd3 27. Rac1 Rcd8 28. Ra1 Bb3 29. Ra3 Be6 30. Raa1 Bc5 31. Ra5 Be7 32. Raa1 Bb3 33. Ra5 R8d5 34. Rxd5 Rxd5 35. Nd2 Rb5 36. f4 exf4+ 37. exf4 Bb4 38. Ne4 Be7 39. Nd2 Bd5 40. Rc1 Bb4 41. Bxb4 Rxb4 42. Rc2 Ke6 43. Nf1 Rb3+ 44. Kf2 Be4 45. Re2 Rb4 46. h5 Kf7 47. hxg6+ hxg6 48. Ne3 Bd3 49. Rd2 Rxf4+ 50. Ke1 Bb5 51. Rd8 Rb4 52. Rd2 Bc6 53. g3 a5 54. Nd1 a4 55. Kf2 Rb3 56. Ne3 a3 57. bxa3 Rxa3 58. Rb2 f5 59. g4 f4 60. Nc4 Rf3+ 61. Ke1 Kf6 62. Nd6 Kg5 63. Nf7+ Kh4 64. Rh2+ Kg3 65. Rh6 Re3+ 66. Kd2 Re6 0-1

[Event "Gorodets-ch"]
[Site "Gorodets"]
[Date "2011.04.13"]
[Round "5"]
[White "Tishin, Alexey"]
[Black "Leukhin, Mikhail"]
[Result "0-1"]
[WhiteElo "2076"]
[BlackElo "2006"]
[PlyCount "36"]
[EventDate "2011.04.09"]
[EventType "swiss"]
[EventRounds "9"]
[EventCountry "RUS"]
[SourceTitle "CBM 142 Extra"]
[Source "ChessBase"]
[SourceDate "2011.06.27"]
[SourceVersion "1"]
[SourceVersionDate "2011.06.27"]
[SourceQuality "1"]

1. e4 c5 2. c3 Nc6 3. d4 cxd4 4. cxd4 d5 5. e5 Qb6 6. Ne2 Bg4 7. f3 Bf5 8. Nbc3 e6 9. a3 h5 10. b4 f6 11. exf6 Nxf6 12. Be3 h4 13. Bf2 Bd6 14. Qd2 a6 15. Nc1 Qc7 16. h3 Bf4 17. Qb2 Kf7 18. Bd3 Bxc1 0-1

[Event "Gorodets-ch"]
[Site "Gorodets"]
[Date "2010.12.12"]
[Round "13"]
[White "Leukhin, Mikhail"]
[Black "Kalugin, Alexander"]
[Result "1/2-1/2"]
[WhiteElo "2019"]
[BlackElo "2115"]
[PlyCount "160"]
[EventDate "2010.11.30"]
[EventType "tourn"]
[EventRounds "12"]
[EventCountry "RUS"]
[SourceTitle "EXT 2022"]
[Source "ChessBase"]
[SourceDate "2021.10.06"]
[SourceVersion "1"]
[SourceVersionDate "2021.10.06"]
[SourceQuality "1"]

1. d4 Nf6 2. g3 g6 3. Bg2 Bg7 4. Nf3 0-0 5. 0-0 d6 6. b3 c5 7. Bb2 Na6 8. d5 Nc7 9. c4 Rb8 10. Nbd2 b5 11. cxb5 Ncxd5 12. a4 a6 13. e4 Nb4 14. b6 a5 15. Nc4 Ba6 16. e5 Ne8 17. exd6 Bxb2 18. dxe7 Qxe7 19. Nxb2 Bxf1 20. Bxf1 Rxb6 21. Nc4 Ra6 22. Qd2 Nf6 23. Re1 Qc7 24. Qh6 Re8 25. Rxe8+ Nxe8 26. Nce5 Rf6 27. Bb5 Nd6 28. Nd7 Qxd7 29. Bxd7 Rxf3 30. Qd2 Rd3 31. Qb2 c4 32. bxc4 Nxc4 33. Qe2 Nd6 34. Bb5 Rd5 35. Qe7 Kg7 36. Be2 Nf5 37. Qc7 Nd4 38. Bc4 Ne6 39. Qa7 Nc6 40. Qb6 Rd1+ 41. Kg2 Ned8 42. Bxf7 Rd4 43. Be8 Rc4 44. h4 Kf8 45. Bd7 Ke7 46. Qc7 Kf6 47. g4 h6 48. f3 g5 49. Qd6+ Kg7 50. Bf5 Nf7 51. Qg6+ Kf8 52. Bd3 Nce5 53. Qa6 Rxa4 54. hxg5 hxg5 55. Be4 Ra2+ 56. Kg3 Kg7 57. Bd5 Ra1 58. Qa7 Ra4 59. Qc7 Rf4 60. Qxa5 Rf6 61. Be4 Rf4 62. Qa1 Kf8 63. Bd5 Ke7 64. Qa3+ Kf6 65. Qf8 Kg6 66. Be4+ Kf6 67. Bd5 Kg6 68. Kg2 Kf6 69. Qg8 Ke7 70. Qg7 Ke8 71. Bb7 Ke7 72. Kg3 Ke8 73. Bd5 Ke7 74. Bxf7 Nxf7 75. Kf2 Ke6 76. Ke3 Ke7 77. Qxg5+ Nxg5 78. Kxf4 Kf6 79. Kg3 Nxf3 80. Kxf3 Kg5 1/2-1/2

[Event "Gorodets-ch"]
[Site "Gorodets"]
[Date "2010.12.01"]
[Round "2"]
[White "Leukhin, Mikhail"]
[Black "Tishin, Alexey"]
[Result "0-1"]
[WhiteElo "2019"]
[BlackElo "2077"]
[PlyCount "70"]
[EventDate "2010.11.30"]
[EventType "tourn"]
[EventRounds "12"]
[EventCountry "RUS"]
[SourceTitle "EXT 2022"]
[Source "ChessBase"]
[SourceDate "2021.10.06"]
[SourceVersion "1"]
[SourceVersionDate "2021.10.06"]
[SourceQuality "1"]

1. e4 d5 2. exd5 Qxd5 3. Nc3 Qa5 4. Nf3 Bg4 5. Be2 Nf6 6. h3 Bh5 7. 0-0 Nbd7 8. d4 e6 9. Bf4 Bb4 10. Nb5 Nd5 11. Bg3 Bxf3 12. gxf3 a6 13. a3 Be7 14. c4 axb5 15. cxd5 exd5 16. Bd3 0-0 17. Qc2 c6 18. Bxh7+ Kh8 19. Bf5 Qd8 20. Kg2 Nb6 21. h4 Nc4 22. Rh1 Bd6 23. Rh3 Qf6 24. Bd3 Bxg3 25. Rxg3 Qxd4 26. Rg4 Qxb2 27. Rxc4 Qxa1 28. Rg4 Ra4 29. f4 Qf6 30. Qc5 Re8 31. Rg5 g6 32. f5 Rxh4 33. Rg3 gxf5 34. Qc1 f4 35. Rh3 Rg8+ 0-1

[Event "Kineshma"]
[Site "Kineshma"]
[Date "2010.08.04"]
[Round "5.4"]
[White "Makushkin, Andrey"]
[Black "Leukhin, Mikhail"]
[Result "1/2-1/2"]
[WhiteElo "1847"]
[BlackElo "1976"]
[PlyCount "72"]
[EventDate "2010.08.01"]
[EventType "tourn"]
[EventRounds "11"]
[EventCountry "RUS"]
[SourceTitle "EXT 2022"]
[Source "ChessBase"]
[SourceDate "2021.10.06"]
[SourceVersion "1"]
[SourceVersionDate "2021.10.06"]
[SourceQuality "1"]

1. e4 c6 2. d4 d5 3. Nc3 dxe4 4. Nxe4 Nd7 5. Nf3 Ngf6 6. Nxf6+ Nxf6 7. Bd3 Bg4 8. c3 Qd5 9. Bf4 Bxf3 10. Qxf3 Qxf3 11. gxf3 g6 12. 0-0 Nd5 13. Be5 f6 14. Bg3 Bh6 15. Rfe1 Kd7 16. a3 Rae8 17. Rad1 Nf4 18. Bxf4 Bxf4 19. Bc4 e6 20. Bb3 Re7 21. h3 Rhe8 22. c4 Kc7 23. Kf1 e5 24. d5 Rd7 25. dxc6 Rxd1 26. Rxd1 bxc6 27. Ba4 Rb8 28. b4 a5 29. b5 cxb5 30. Bxb5 Rh8 31. a4 Kb6 32. Rd6+ Kc5 33. Rd5+ Kb4 34. c5 f5 35. c6 Re8 36. Rd7 h5 1/2-1/2